000 00606 a2200205 4500
020 _a3540406336
020 _a9783540406334
082 0 4 _a515
090 _c1466
_d1466
100 1 _aZorich, V. A.
245 1 0 _aMathematical analysis ii /
_cV. A. Zorich, R. Cooke.
250 _a1st ed.
260 _a[S.l.] :
_bSpringer,
_c2004.
300 _a703 p. ;
_c25 cm.
490 1 _aUniversitext.
700 1 _aCooke, R.
830 0 _aUniversitext.
942 _aSNS
_cBK
_k515 ZOR
999 _c30077
_d30077